Historia general del cine
Saved in:
| Main Authors: | , , , , , , , , , , |
|---|---|
| Other Authors: | |
| Format: | Book |
| Language: | Spanish |
| Published: |
Madrid
Cátedra
1995
|
| Series: | Cátedra Signo e Imagen
|
| Subjects: | |
| Tags: |
Add Tag
No Tags, Be the first to tag this record!
|
MARC
| LEADER | 00000nam a2200000 a 4500 | ||
|---|---|---|---|
| 001 | UCK4159 | ||
| 003 | CL-VaPUC | ||
| 008 | 050520e19950000SP |||||||||||||||||spa|d | ||
| 020 | |a 8437613965 | ||
| 082 | 0 | 4 | |a 791.4309 |b CAR |2 21 |
| 100 | 0 | |a Carney, Ray |e author |9 492613 | |
| 700 | 0 | |a Casas, Quim |e author |9 492614 | |
| 700 | 0 | |a Elena, Alberto |e author |9 492615 | |
| 700 | 0 | |a Bálint Kovács, András |e author |9 492616 | |
| 700 | 0 | |a Miccichè, Lino |e author |9 492617 | |
| 700 | |a Monterde, José Enrique |e autor |9 498516 | ||
| 700 | 0 | |a Müller, Marco |e author |9 492619 | |
| 700 | 0 | |a Quintana, Ángel |e author |9 492620 | |
| 700 | 0 | |a Riambau, Esteve |e author |9 492621 | |
| 700 | 0 | |a Tomasi, Dario |e author |9 492622 | |
| 700 | 0 | |a Torreiro, Casimiro |e author |9 492623 | |
| 700 | 0 | |a Vidal Estévez, Manuel |e author |9 492624 | |
| 245 | 1 | 0 | |a Historia general del cine |
| 300 | |a v | ||
| 942 | |c BK | ||
| 945 | |d 20050520 00:00:00 |a jcarroza | ||
| 260 | |a Madrid |b Cátedra |c 1995 | ||
| 500 | |a v.11: Nuevos cines - Años 60 | ||
| 650 | 7 | |a PELICULAS CINEMATOGRAFICAS |2 CL-VaPUC |9 492625 | |
| 650 | 0 | |a Historia del cine |9 265166 | |
| 650 | 0 | |a Cine |9 225706 | |
| 583 | |a last modification |c 20050520 00:00:00 |k Rodrigo Vera | ||
| 490 | 0 | |a Cátedra Signo e Imagen | |
| 999 | |c 313113 |d 313111 | ||
| 952 | |0 0 |1 0 |2 ddc |4 0 |6 791_430900000000000_CAR_1995 |7 0 |8 A |9 384206 |a BIBART |b BIBART |d 2019-11-22 |h v.11 |i 4129334 |o 791.4309 CAR 1995 |p 4129334 |r 2025-03-13 |w 2019-11-22 |y BK |k ART | ||